[Event "EU Union-ch U14"]
[Site "Pec pod Snezkou"]
[Date "2022.08.23"]
[Round "2"]
[White "Paralieu, Maxime"]
[Black "Mikulinaite, Meta"]
[Result "1-0"]
[WhiteElo "1898"]
[BlackElo "1138"]
[PlyCount "67"]
[EventDate "2022.08.22"]
[EventType "swiss"]
[EventRounds "9"]
[EventCountry "CZE"]
[SourceTitle "EXT 2023"]
[Source "ChessBase"]
[SourceDate "2022.10.05"]
[SourceVersion "1"]
[SourceVersionDate "2022.10.05"]
[SourceQuality "1"]

1. d4 d5 2. c4 c6 3. Nf3 Nf6 4. Nc3 e6 5. Bg5 Nbd7 6. e3 Be7 7. Qc2 h6 8. Bxf6 Nxf6 9. Rd1 b6 10. a3 a5 11. cxd5 exd5 12. Ne5 Bb7 13. Na4 Qc7 14. Rc1 Rc8 15. Qb3 Bd8 16. Bb5 0-0 17. Bxc6 Bxc6 18. Rxc6 Qb7 19. Rxc8 Qxc8 20. 0-0 Qb7 21. Rc1 Bc7 22. Nc6 Qa6 23. Ne7+ Kh8 24. Rxc7 Qe2 25. Rc1 Ne4 26. Qc2 Qh5 27. Nxb6 Qg5 28. Nbxd5 Nf6 29. Nxf6 Qxf6 30. Nd5 Qd6 31. Qc5 Qd8 32. b4 axb4 33. axb4 Re8 34. b5 1-0

[Event "FRA-ch U18/14 Online"]
[Site "Europe Echecs INT"]
[Date "2020.07.11"]
[Round "1"]
[White "Paralieu, Maxime"]
[Black "Joly, Julien"]
[Result "0-1"]
[WhiteElo "1569"]
[BlackElo "2188"]
[PlyCount "56"]
[EventDate "2020.07.11"]
[EventType "swiss (blitz)"]
[EventRounds "9"]
[EventCountry "FRA"]
[SourceTitle "EXT 2021"]
[Source "ChessBase"]
[SourceDate "2020.10.23"]
[SourceVersion "1"]
[SourceVersionDate "2020.10.23"]
[SourceQuality "1"]

1. d4 Nf6 2. c4 g6 3. Nc3 Bg7 4. e4 d6 5. Bd3 0-0 6. Nge2 c5 7. d5 a6 8. 0-0 e5 9. f3 Nh5 10. Be3 f5 11. exf5 gxf5 12. a3 Kh8 13. b4 b6 14. Rb1 Nd7 15. Na4 Qf6 16. bxc5 bxc5 17. Nb6 Nxb6 18. Rxb6 Qe7 19. Qa4 Bd7 20. Qa5 e4 21. Bc2 exf3 22. Rxf3 f4 23. Nxf4 Nxf4 24. Bxf4 Rxf4 25. Qd2 Rxf3 26. gxf3 Bd4+ 27. Kh1 Rg8 28. Rb7 Rg1# 0-1

[Event "FRA-ch Blitz Online Qual"]
[Site "Europe Echecs INT"]
[Date "2020.05.16"]
[Round "12"]
[White "Dore, Armand"]
[Black "Paralieu, Maxime"]
[Result "0-1"]
[WhiteElo "1855"]
[BlackElo "1569"]
[PlyCount "68"]
[EventDate "2020.05.16"]
[EventType "swiss (blitz)"]
[EventRounds "15"]
[EventCountry "FRA"]
[SourceTitle "CBM 196 Extra"]
[Source "ChessBase"]
[SourceDate "2020.07.31"]
[SourceVersion "1"]
[SourceVersionDate "2020.07.31"]
[SourceQuality "1"]

1. Nf3 d5 2. c4 e6 3. e3 Nf6 4. d4 c5 5. cxd5 exd5 6. Nc3 Nc6 7. Be2 Be7 8. 0-0 0-0 9. b3 Be6 10. Bb2 Qd7 11. dxc5 Bxc5 12. Nb5 Be7 13. Nbd4 Rac8 14. Rc1 Rfd8 15. Bb5 h6 16. Ne5 Qd6 17. Nexc6 bxc6 18. Nxc6 Rf8 19. Be5 Qd7 20. Nxa7 Qxa7 21. Rxc8 Rxc8 22. a4 Ne4 23. f3 Nc3 24. Qd3 Nxb5 25. axb5 Bc5 26. Kf2 Qb6 27. Ke2 Bd7 28. Re1 Bxb5 29. Rd1 Bxd3+ 30. Rxd3 Be7 31. Bd4 Qb5 32. Kd2 Bb4+ 33. Ke2 Rc2+ 34. Kd1 Qxd3# 0-1